| 000 -LEADER |
| fixed length control field |
00844nam a2200217 4500 |
| 003 - CONTROL NUMBER IDENTIFIER |
| control field |
Ge_BSU |
| 005 - DATE AND TIME OF LATEST TRANSACTION |
| control field |
20210331121320.0 |
| 008 - FIXED-LENGTH DATA ELEMENTS--GENERAL INFORMATION |
| fixed length control field |
210331b2016 enk||||| |||| 00| 0 eng d |
| 024 ## - OTHER STANDARD IDENTIFIER |
| Qualifying information |
eng |
| 080 ## - UNIVERSAL DECIMAL CLASSIFICATION NUMBER |
| Universal Decimal Classification number |
327 T-44 |
| 245 ## - TITLE STATEMENT |
| Title |
The European Union as a Global Regulator? / |
| Statement of responsibility, etc. |
Edited by Alasdair R. Young |
| 264 ## - PRODUCTION, PUBLICATION, DISTRIBUTION, MANUFACTURE, AND COPYRIGHT NOTICE |
| Place of production, publication, distribution, manufacture |
London : |
| Name of producer, publisher, distributor, manufacturer |
Published by Routledge, |
| Date of production, publication, distribution, manufacture, or copyright notice |
2016. |
| 300 ## - PHYSICAL DESCRIPTION |
| Extent |
125 p. ; |
| Dimensions |
25 cm. |
| 440 ## - SERIES STATEMENT/ADDED ENTRY--TITLE |
| Title |
Journal of European Policy Series |
| 9 (RLIN) |
10875 |
| 500 ## - GENERAL NOTE |
| General note |
Index p. :123-125 |
| 653 ## - INDEX TERM--UNCONTROLLED |
| keyword |
The European Union as a Global Regulator? |
| 653 ## - INDEX TERM--UNCONTROLLED |
| keyword |
ევროკავშირი, როგორც გლობალური მარეგულირებელი? |
| 653 ## - INDEX TERM--UNCONTROLLED |
| keyword |
Европейский союз как глобальный регулятор? |
| 700 ## - ADDED ENTRY--PERSONAL NAME |
| Personal name |
Young, Alasdair R. |
| Titles and other words associated with a name |
Edited by |
| 9 (RLIN) |
10876 |
| 942 ## - ADDED ENTRY ELEMENTS (KOHA) |
| Source of classification or shelving scheme |
|
| Koha item type |
წიგნი |